Nuclear instruments and their uses ionization detection scintillators cerenkov counters amplifirs assay dosimetry (Record no. 579610)
[ view plain ]
| 000 -LEADER | |
|---|---|
| fixed length control field | 00456nam a22001577a 4500 |
| 003 - CONTROL NUMBER IDENTIFIER | |
| control field | CEME |
| 005 - DATE AND TIME OF LATEST TRANSACTION | |
| control field | 20210628205123.0 |
| 008 - FIXED-LENGTH DATA ELEMENTS--GENERAL INFORMATION | |
| fixed length control field | 210226b xxu||||| |||| 00| 0 eng d |
| 040 ## - CATALOGING SOURCE | |
| Transcribing agency | . |
| 082 ## - DEWEY DECIMAL CLASSIFICATION NUMBER | |
| Classification number | 621.48 NUC'S |
| 100 ## - MAIN ENTRY--PERSONAL NAME | |
| Personal name | Snells, A. H |
| 9 (RLIN) | 74029 |
| 245 ## - TITLE STATEMENT | |
| Title | Nuclear instruments and their uses ionization detection scintillators cerenkov counters amplifirs assay dosimetry |
| 260 ## - PUBLICATION, DISTRIBUTION, ETC. | |
| Place of publication, distribution, etc. | NEWYORK |
| Name of publisher, distributor, etc. | JOHN WILEY |
| Date of publication, distribution, etc. | 1962 |
| 300 ## - PHYSICAL DESCRIPTION | |
| Extent | 494P |
| 942 ## - ADDED ENTRY ELEMENTS (KOHA) | |
| Koha item type | Book |
| Source of classification or shelving scheme | |
| Withdrawn status | Lost status | Damaged status | Not for loan | Permanent Location | Current Location | Shelving location | Date acquired | Total Checkouts | Full call number | Barcode | Date last seen | Price effective from | Koha item type |
|---|---|---|---|---|---|---|---|---|---|---|---|---|---|
| College of Electrical & Mechanical Engineering (CEME) | College of Electrical & Mechanical Engineering (CEME) | General Stacks | 04/28/2017 | 621.48 NUC'S | CEME-30505 | 06/28/2021 | 06/28/2021 | Book |
